[Event "EU-chT Seniors 50"]
[Site "Terme Catez"]
[Date "2024.05.13"]
[Round "7.3"]
[White "Zetocha, Claudiu Andrei"]
[Black "Pavlin, Damjan"]
[Result "1-0"]
[WhiteElo "2277"]
[BlackElo "1959"]
[PlyCount "113"]
[EventDate "2024.05.07"]
[EventType "team-swiss"]
[EventRounds "9"]
[EventCountry "SLO"]
[SourceTitle "CBM 220 Extra"]
[Source "ChessBase"]
[SourceDate "2024.07.31"]
[SourceVersion "1"]
[SourceVersionDate "2024.07.31"]
[SourceQuality "1"]
[WhiteTeam "Slovakia 50"]
[BlackTeam "Slovenia Kralj 50"]
[WhiteTeamCountry "SVK"]
[BlackTeamCountry "SLO"]

1. e4 c6 2. d4 d5 3. exd5 cxd5 4. Bd3 Nf6 5. h3 g6 6. Nf3 Bg7 7. 0-0 Nc6 8. Re1 0-0 9. c3 Bf5 10. Bf1 Qc7 11. Be3 Rfe8 12. Nbd2 Ne4 13. Nb3 Na5 14. Nxa5 Qxa5 15. Bf4 Bd7 16. Qb3 Bc6 17. Bd3 Nd6 18. a4 Rac8 19. Be5 Nc4 20. Bxg7 Kxg7 21. Qc2 Nd6 22. Ne5 Qc7 23. Qd2 Bd7 24. Re2 f6 25. Nf3 Bf5 26. Bxf5 Nxf5 27. Ne1 e6 28. Nd3 Re7 29. Rae1 Rce8 30. Nf4 Kf7 31. b3 Qb6 32. Qa2 Qc7 33. Qd2 Qb6 34. b4 Ng7 35. Nd3 Qc7 36. g4 Rc8 37. Re3 Kg8 38. Rc1 b6 39. Rf3 Ne8 40. Qh6 Rf7 41. Re3 Qd7 42. Rce1 Ng7 43. Nf4 Re8 44. b5 Rfe7 45. Nd3 Qd6 46. Nb4 Rc7 47. Rf3 e5 48. dxe5 Rxe5 49. Rd1 Qe6 50. Qd2 Rd7 51. Re3 h5 52. Rxe5 Qxe5 53. Nxd5 Ne8 54. c4 hxg4 55. Re1 Qh5 56. Rxe8+ Kf7 57. Qe2 1-0

[Event "Portoroz op 14th"]
[Site "Portoroz"]
[Date "2023.07.20"]
[Round "7"]
[White "Pavlin, Damjan"]
[Black "Vodnik, Val"]
[Result "1/2-1/2"]
[WhiteElo "1954"]
[BlackElo "1416"]
[PlyCount "74"]
[EventDate "2023.07.15"]
[EventType "swiss"]
[EventRounds "9"]
[EventCountry "SLO"]
[SourceTitle "CBM 215 Extra"]
[Source "ChessBase"]
[SourceDate "2023.09.30"]
[SourceVersion "1"]
[SourceVersionDate "2023.09.30"]
[SourceQuality "1"]

1. c4 c6 2. e4 d5 3. exd5 cxd5 4. cxd5 Qxd5 5. Nc3 Qd8 6. d4 Bf5 7. Nf3 Nf6 8. Bc4 e6 9. 0-0 Be7 10. Qb3 Qc8 11. Bg5 0-0 12. d5 exd5 13. Nxd5 Nxd5 14. Bxd5 Bxg5 15. Nxg5 Nc6 16. Nxf7 Qc7 17. Rac1 Rxf7 18. Qf3 Kh8 19. Bxf7 Qxf7 20. a3 h6 21. b4 Re8 22. Rfd1 Qe6 23. h3 Qe5 24. Rc5 Nd4 25. Rxd4 Qxd4 26. Rxf5 Qd6 27. g3 Qd7 28. Rf7 Re7 29. Rf8+ Kh7 30. Kg2 Re1 31. h4 Re7 32. Qb3 Qc6+ 33. Kh2 Qe4 34. Qg8+ Kg6 35. Rf4 Qe2 36. h5+ Qxh5+ 37. Kg2 Qe2 1/2-1/2

[Event "SLO-chT2 West"]
[Site "Komenda"]
[Date "2022.11.19"]
[Round "2.3"]
[White "Pavlin, Damjan"]
[Black "Sirk, Matija"]
[Result "1-0"]
[WhiteElo "1950"]
[BlackElo "1499"]
[PlyCount "75"]
[EventDate "2022.11.19"]
[EventType "team-tourn"]
[EventRounds "7"]
[EventCountry "SLO"]
[SourceTitle "EXT 2024"]
[Source "ChessBase"]
[SourceDate "2023.10.10"]
[SourceVersion "1"]
[SourceVersionDate "2023.10.10"]
[SourceQuality "1"]
[WhiteTeam "Gorenjka Lesce"]
[BlackTeam "Vrhnika II"]
[WhiteTeamCountry "SLO"]
[BlackTeamCountry "SLO"]

1. d4 Nf6 2. Nf3 d6 3. Bf4 Nbd7 4. e3 Nh5 5. Bg5 h6 6. Bh4 g5 7. Nfd2 Ndf6 8. Be2 gxh4 9. Bxh5 c6 10. Bf3 Be6 11. Nc3 Qb6 12. Nb3 Rg8 13. h3 a5 14. Qd2 a4 15. Nc1 Ra5 16. Nd3 a3 17. b3 Rag5 18. Na4 Qc7 19. c4 Bf5 20. Nc3 e5 21. dxe5 dxe5 22. e4 Be6 23. 0-0-0 b5 24. cxb5 cxb5 25. Kb1 b4 26. Na4 Nxe4 27. Bxe4 f5 28. Rc1 Qd6 29. Bc6+ Kf7 30. Rhd1 e4 31. Ne1 Qe5 32. Qd4 Qf4 33. Bd5 R5g7 34. Bxe6+ Kg6 35. Qd8 Bc5 36. Qd2 Qxd2 37. Rxd2 Re8 38. Rxc5 1-0

[Event "SLO-chT1 West 29th"]
[Site "Slovenia"]
[Date "2019.10.18"]
[Round "7.4"]
[White "Pavlin, Damjan"]
[Black "Mestek, Igor"]
[Result "1/2-1/2"]
[WhiteElo "2038"]
[BlackElo "2087"]
[PlyCount "91"]
[EventDate "2019.09.20"]
[EventType "team-tourn"]
[EventRounds "9"]
[EventCountry "SLO"]
[SourceTitle "CBM 192 Extra"]
[Source "Chessbase"]
[SourceDate "2019.11.06"]
[SourceVersion "1"]
[SourceVersionDate "2019.11.06"]
[SourceQuality "1"]
[WhiteTeam "Gorenjka Lesce"]
[BlackTeam "Kocevje"]
[WhiteTeamCountry "SLO"]
[BlackTeamCountry "SLO"]

1. c4 e5 2. Nc3 Nf6 3. g3 d5 4. cxd5 Nxd5 5. Bg2 Nb6 6. d3 Nc6 7. Nf3 Be7 8. 0-0 0-0 9. a3 Re8 10. b4 Bf8 11. Bb2 a6 12. Rc1 Rb8 13. Ne4 f6 14. Nc5 Bxc5 15. bxc5 Nd5 16. e4 Nde7 17. d4 exd4 18. Nxd4 Nxd4 19. Bxd4 Nc6 20. Bc3 Qxd1 21. Rcxd1 Bg4 22. f3 Be6 23. f4 Rbd8 24. h3 Kf7 25. Kf2 a5 26. Rb1 Rb8 27. Rfd1 a4 28. Rb2 Bb3 29. Rd7+ Re7 30. Rbd2 Rbe8 31. h4 Kf8 32. Bf3 Rxd7 33. Rxd7 Re7 34. Bg4 Rxe4 35. Rxc7 Rc4 36. Bd2 Rxc5 37. Rxb7 Rc2 38. Ke1 Rb2 39. Rc7 Rb1+ 40. Kf2 Rb2 41. Ke3 Bd5 42. Rc8+ Ke7 43. Rc7+ Kf8 44. Rc8+ Ke7 45. Rc7+ Kf8 46. Rc8+ 1/2-1/2